00876nam a2200229 a 4500001001000000003000900010005001700019007000300036008004100039040003000080082001400110100003100124110000300155245013000158246010200288264006000390300004300450336002700493337003300520338002800553500006500581000028791DO-SdBNP20240627113405.0ta240627s1973 dr 000 0 spa d aDO-SdBNPbspacBNPHUerda bM972r222 aMuratore, Joseph R.eautor  aLos restos de Cristóbal Colón :buna narración reveladora y documentada sobre los restos de ColóncJoseph R. Muratore aThe remains of Christopher Columbus :ba revealing, documented, narrative, about Columbus`remains aSanto Domingo :bEditorial Cultural Dominicana :c1973. a90 paginas. :bilustraciones ;c22 cm. 2rdacontentatextobtxt 2rdamediaasin mediaciónbn 2rdacarrieravolumenbnc aEste fue publicado en inglés y español en una edición